000 00921nam a22002657a 4500
005 20080311082442.0
008 071206s2004 ne a b 001 0 eng
010 _aENG-91805
020 _a9798184242248
_c750.00
020 _a8184242247
_c750.00
035 _aEN-73338
037 _bDBAD / PUB
040 _adpl
_bEnglish
082 _a597.17
100 _aKapoor, B.G.
245 _aBiology of teleost fishes /
_cby B.G. Kapoor
260 _aNew Delhi
_bAllied Publishers
_c2007
300 _axvi, 527p. :
_bill. ;
_c24 cm (Hb)
504 _aIncludes index.
650 _aOsteichthyes
_xPhysiology.
650 _aOsteichthyes
_xDevelopment.
650 _aTeleostei
_xPhysiology.
942 _2ddc
_cEN
_h597.17
_mKAP
999 _c19094
_d19094